[Event "Have A Go"]
[Site "SchemingMind.com"]
[Date "2016.08.16"]
[Round "-"]
[White "Shanks"]
[Black "emvarela"]
[Result "0-1"]
[WhiteCountry "ENG"]
[BlackCountry "ARG"]
[WhiteElo "1352"]
[WhiteRD "73"]
[BlackElo "1712"]
[BlackRD "55"]
[GameID "402459"]

1. e4 d5 2. exd5 Nf6 3. d4 Nxd5 4. h3 e6 5. a3 Nc6 6. Nf3 Bd6 7. c4 Nde7 8. c5 Bxc5 9. dxc5 Qxd1+ 10. Kxd1 O-O
11. Be3 Rd8+ 12. Nfd2 Nd5 13. Bg5 f6 14. Bh4 Ne5 15. Bg3 Nc6 16. b4 e5 17. Ke1 Nd4 18. Ra2 Be6 19. Bc4 c6 20. Ne4 Nf5
21. Bh2 Nc7 22. Bxe6+ Nxe6 23. f3 Rd7 24. Rf1 Rad8 25. Kf2 Rd1 26. Rxd1 Rxd1 27. Nbc3 Rh1 28. Bg1 b6 29. cxb6 axb6 30. a4 Nf4
31. a5 Nd3+ 32. Kf1 Ne3+ 33. Ke2 Nc1+ 34. Kxe3 Nxa2 35. Nxa2 bxa5 36. bxa5 Rxg1 37. Nac3 Ra1 38. Nd6 Rxa5 39. Kf2 Kf8 40. Nce4 Ra2+
41. Kg3 Ke7 42. Nf5+ Kf7 43. Nfd6+ Ke6 44. Nc4 h6 45. Ne3 f5 46. Nc5+ Kf6 47. Kh2 Re2 48. Nf1 f4 49. Ne4+ Ke6 50. Nc5+ Kd5
51. Ne4 Kd4 52. Nd6 Kd3 53. Nf5 c5 54. Nxg7 c4 55. Nf5 c3 56. Nxh6 c2 57. h4 c1=Q 58. Kg1 Re1 59. Kh2 Rxf1
0-1

[Event "Have A Go"]
[Site "SchemingMind.com"]
[Date "2016.08.16"]
[Round "-"]
[White "emvarela"]
[Black "Shanks"]
[Result "1-0"]
[WhiteCountry "ARG"]
[BlackCountry "ENG"]
[WhiteElo "1719"]
[WhiteRD "51"]
[BlackElo "1373"]
[BlackRD "83"]
[GameID "402460"]

1. e4 d5 2. exd5 Qxd5 3. Nc3 Qd6 4. d4 Nf6 5. Nf3 h6 6. Be3 a6 7. Be2 Nd5 8. Nxd5 Qxd5 9. c4 Qd8 10. d5 e6
11. dxe6 Qxd1+ 12. Rxd1 Bxe6 13. a3 Bd6 14. c5 Be7 15. b4 c6= 16. O-O O-O 17. h3 Nd7 18. Nd4 Bd5 19. Nf5 Rfe8 20. Nxe7+ Rxe7
21. Rd2 Rae8 22. Rfd1 Nf6 23. Bd3 h5= 24. Bg5 Re6 25. Bxf6 Rxf6 26. Re2 Rf8 27. Re7 Rb8 28. Be4 Bb3 29. Rdd7 g6 30. Rxb7 Rxb7
31. Rxb7 Bc4 32. Rc7 Bb5 33. Bc2 Re6 34. a4 Re1+ 35. Kh2 Bc4 36. Rxc6 Bd5 37. Rxa6 Bc4 38. Ra8+ Kg7 39. c6 Re2 40. Bd1 Rxf2
41. Bf3 Be6 42. b5 h4 43. b6 g5 44. b7 g4 45. hxg4 f5 46. gxf5 Bxf5 47. b8=Q
1-0

[Event "Have A Go"]
[Site "SchemingMind.com"]
[Date "2016.08.19"]
[Round "-"]
[White "Clive Everill"]
[Black "Gammon"]
[Result "1-0"]
[WhiteCountry "CZE"]
[BlackCountry "USA"]
[WhiteElo "1716"]
[WhiteRD "55"]
[BlackElo "1434"]
[BlackRD "71"]
[GameID "402718"]

1. e4 d5 2. exd5 Qxd5 3. Nc3 Qa5 4. Bc4 Nf6 5. d3 c6 6. Bd2 Qc7 7. Qe2 Bf5 8. h3 e6 9. g4 Bg6 10. f4 Be7
11. Nf3 b5 12. Bb3 O-O 13. O-O-O Nd5 14. Nxd5 cxd5 15. Ne5 Bf6 16. Bc3 h6 17. Nxg6 Re8 18. Bxf6 gxf6 19. Nh4 Rc8 20. Rhf1 Kf8
21. d4 a6 22. f5 a5 23. a4 b4 24. fxe6 Qe7 25. Bxd5 Ra7 26. Qf3 Rd8 27. Qxf6 Rxd5 28. Ng6+
1-0

[Event "Have A Go"]
[Site "SchemingMind.com"]
[Date "2016.08.19"]
[Round "-"]
[White "Gammon"]
[Black "Clive Everill"]
[Result "0-1"]
[WhiteCountry "USA"]
[BlackCountry "CZE"]
[WhiteElo "1434"]
[WhiteRD "71"]
[BlackElo "1716"]
[BlackRD "55"]
[GameID "402719"]

1. e4 d5 2. exd5 Qxd5 3. Nc3 Qd6 4. d4 g6 5. Nf3 Nf6 6. Nb5 Qb6 7. c4 c6 8. Nc3 Bg7 9. c5 Qd8 10. Bc4 O-O
11. O-O Bg4 12. Qd3 Bxf3 13. Qxf3 Qxd4 14. Rd1 Qxc4 15. b3 Qxc5 16. Na4 Qa5 17. Bd2 Qc7 18. Bf4 Qc8 19. Be5 Nbd7 20. Bc3 e5
21. b4 e4 22. Qe2 Re8 23. Bxf6 Bxf6 24. Rac1 b5 25. Nc3 Nb6 26. Nxe4 Bg7 27. f3 Nc4 28. Qf2 Qf5 29. g3 Bh6 30. Rc3 Rad8
31. Rxd8 Rxd8 32. Kg2 Ne5 33. a3 Nd3 34. Qe2 Ne5 35. h3 Bg7 36. g4 Qc8 37. Kg3 Nd7 38. Nd6 Qc7 39. Qe7 Bxc3
0-1

[Event "Have A Go"]
[Site "SchemingMind.com"]
[Date "2016.08.26"]
[Round "-"]
[White "ray winteringham"]
[Black "woodpr"]
[Result "0-1"]
[WhiteCountry "ENG"]
[BlackCountry "ENG"]
[WhiteElo "1507"]
[WhiteRD "49"]
[BlackElo "1562"]
[BlackRD "87"]
[GameID "403012"]

1. e4 d5 2. exd5 Nf6 3. Bc4 Nxd5 4. h3 e6 5. Nf3 Qf6 6. Qe2 Be7 7. O-O O-O 8. Nc3 c6 9. Ne4 Qg6 10. Bd3 Nf4
11. Ng3 Nxe2+ 12. Nxe2 f5 13. Ng3 Bd6 14. b3 Bc5 15. Bb2 Nd7 16. c4 Qxg3 17. b4 Qd6 18. bxc5 Qxd3 19. Bc3 Qxc4 20. Bd4 b5
21. Rfe1 Re8 22. Be3 b4 23. Rec1 Qd5 24. d4 e5 25. Rd1 e4 26. Nd2 Nf6 27. a3 Nh5 28. axb4 f4
0-1

[Event "Have A Go"]
[Site "SchemingMind.com"]
[Date "2016.08.26"]
[Round "-"]
[White "woodpr"]
[Black "ray winteringham"]
[Result "0-1"]
[WhiteCountry "ENG"]
[BlackCountry "ENG"]
[WhiteElo "1562"]
[WhiteRD "87"]
[BlackElo "1507"]
[BlackRD "49"]
[GameID "403013"]

1. e4 d5 2. exd5 Qxd5 3. d4 Nc6 4. Nf3 Bg4 5. Nc3 Qd7 6. Be3 e6 7. Bb5 a6 8. Ne5 axb5 9. Nxd7 Bxd1 10. Rxd1 Kxd7
11. d5 Nd8 12. dxe6+ Kc8 13. Nxb5 Nxe6 14. a3 Nf6 15. O-O Be7 16. Rd3 c6 17. Nd6+ Bxd6 18. Rxd6 Rd8 19. Rxd8+ Nxd8 20. Bg5 Ne4
21. Bxd8 Kxd8 22. f3 Nf6 23. Rd1+ Kc7 24. g4 Rd8 25. Rc1 h5 26. g5 Nd5 27. Kf2 Re8 28. Kg3 g6 29. b4 Re5 30. h4 Nc3
31. Rf1 Re3 32. Kg2 Re2+ 33. Rf2 Rxf2+ 34. Kxf2 Nd5 35. c4 Ne7 36. Kg3 Nf5+ 37. Kh3 Kb6 38. a4 c5
0-1

[Event "Have A Go"]
[Site "SchemingMind.com"]
[Date "2016.08.29"]
[Round "-"]
[White "cnile"]
[Black "Erik Johnson"]
[Result "0-1"]
[WhiteCountry "SCO"]
[BlackCountry "USA"]
[WhiteElo "1493"]
[WhiteRD "61"]
[BlackElo "1628"]
[BlackRD "67"]
[GameID "403089"]

1. e4 d5 2. exd5 Qxd5 3. Nf3 Nf6 4. d4 Bg4 5. Be2 Nc6 6. Be3 e6 7. O-O Ne4 8. Nbd2 Be7 9. c4 Qf5 10. Nxe4 Qxe4
11. Nd2 Bxe2 12. Qa4 Qf5 13. Rfe1 Bh5 14. Rad1 Bxd1 15. Rxd1 O-O 16. Nf3 Rfd8 17. Qb3 b6 18. d5 exd5 19. Rxd5 Qb1+ 20. Rd1 Rxd1+
21. Ne1 Rxe1#
0-1

[Event "Have A Go"]
[Site "SchemingMind.com"]
[Date "2016.08.29"]
[Round "-"]
[White "Erik Johnson"]
[Black "cnile"]
[Result "1-0"]
[WhiteCountry "USA"]
[BlackCountry "SCO"]
[WhiteElo "1628"]
[WhiteRD "67"]
[BlackElo "1493"]
[BlackRD "61"]
[GameID "403090"]

1. e4 d5 2. exd5 Nf6 3. Bc4 Nxd5 4. Qh5 e6 5. Ne2 Nf6 6. Qf3 c6 7. O-O Nbd7 8. Nbc3 Be7 9. d3 Ne5 10. Qg3 Ng6
11. Nf4 Bd6 12. Qf3 Ne5 13. Qe2 Nxc4 14. dxc4 Qc7 15. g3 O-O 16. Ne4 e5 17. Nxf6+ gxf6 18. Nh5 Bh3 19. Be3 Be7 20. Rfe1 c5
21. g4 Kh8 22. Qf3 Rg8 23. Qxh3 Rad8 24. Rad1 f5 25. f3 Rxd1 26. Rxd1 fxg4 27. fxg4 Qc8 28. Kf2 Qxg4 29. Qxg4 Rxg4 30. Rg1 Rxc4
31. c3 Rh4 32. Ng3 Rxh2+ 33. Rg2
1-0

[Event "Have A Go"]
[Site "SchemingMind.com"]
[Date "2016.08.30"]
[Round "-"]
[White "Wojtek26"]
[Black "Timaeus"]
[Result "0-1"]
[WhiteCountry "POL"]
[BlackCountry "JPN"]
[WhiteElo "1469"]
[WhiteRD "44"]
[BlackElo "1459"]
[BlackRD "84"]
[GameID "403131"]

1. e4 d5 2. exd5 c6 3. dxc6 Nxc6 4. Nf3 e5 5. Bb5 Bd7 6. Bxc6 Bxc6 7. O-O e4 8. Ne1 Nf6 9. d3 Bc5 10. Bg5 O-O
11. Nc3 Re8 12. Bxf6 Qxf6 13. Nxe4 Bxe4 14. dxe4 Rxe4 15. c3 Rae8 16. Nf3 Rd8 17. Qc2 Rf4 18. Rad1 h5
0-1

[Event "Have A Go"]
[Site "SchemingMind.com"]
[Date "2016.08.31"]
[Round "-"]
[White "Timaeus"]
[Black "Wojtek26"]
[Result "1-0"]
[WhiteCountry "JPN"]
[BlackCountry "POL"]
[WhiteElo "1459"]
[WhiteRD "84"]
[BlackElo "1469"]
[BlackRD "44"]
[GameID "403132"]

1. e4 d5 2. exd5 Qxd5 3. d4 e6 4. b3 Nf6 5. Bc4 Qd8 6. Nf3 Bb4+ 7. Bd2 Bxd2+ 8. Nbxd2 O-O 9. O-O Nc6 10. c3 h6
11. Re1 a6 12. Bd3 Re8 13. Qc2 b5 14. Ne4 e5 15. dxe5 Nxe5 16. Nxf6+
1-0

[Event "Have A Go"]
[Site "SchemingMind.com"]
[Date "2016.09.05"]
[Round "-"]
[White "berns"]
[Black "Chessibelle"]
[Result "1-0"]
[WhiteCountry "ENG"]
[BlackCountry "ENG"]
[WhiteElo "1643"]
[WhiteRD "79"]
[BlackElo "1145"]
[BlackRD "62"]
[GameID "403421"]

1. e4 d5 2. exd5 Nf6 3. c4 e6 4. dxe6 Bxe6 5. Nf3 g6 6. Nc3 Bg7 7. d3 Nc6 8. Be2 O-O 9. O-O Nd4 10. Nxd4 Qxd4
11. Be3 Qd6 12. Na4 b6 13. d4 Ne4 14. b3 h5 15. Bf3 f5 16. d5 Bd7 17. Rc1 Qe5 18. Re1 Bf6 19. Bxe4 fxe4 20. Nc3 Be7
21. Qd4 Qf5 22. Nxe4 c5 23. Qd3 Rad8 24. Rcd1 Rde8 25. d6 Bf6 26. Nxf6+ Qxf6 27. Rd2 Bf5 28. Qd5+ Kg7 29. Rde2 Re5 30. Bh6+ Kxh6
31. Qxe5 Qg5 32. Qe3 h4 33. Qxg5+ Kxg5 34. Rd2 h3 35. g3 Kg4 36. f4 g5 37. fxg5 Kxg5 38. Re7 Rf6 39. d7 Rf8 40. Re8
1-0

[Event "Have A Go"]
[Site "SchemingMind.com"]
[Date "2016.09.05"]
[Round "-"]
[White "Chessibelle"]
[Black "berns"]
[Result "0-1"]
[WhiteCountry "ENG"]
[BlackCountry "ENG"]
[WhiteElo "1145"]
[WhiteRD "62"]
[BlackElo "1643"]
[BlackRD "79"]
[GameID "403422"]

1. e4 d5 2. Nc3 d4 3. Nce2 e5 4. d3 Nf6 5. Nf3 Bd6 6. b3 Bg4 7. Ng5 h6 8. Qd2 Bxe2 9. Bxe2 hxg5 10. Qxg5 Rg8
11. g3 Nbd7 12. Bb2 Nb6 13. c3 dxc3 14. Bxc3 Qe7 15. d4 exd4 16. Bxd4 O-O-O 17. O-O Nxe4 18. Qf5+ Qe6 19. Qa5 a6 20. Rac1 Kd7
21. b4 Nd5 22. Bc4 Bxb4 23. Qa4+ b5 24. Bxb5+ axb5 25. Qxb5+ c6 26. Qb7+ Ke8 27. Qa7 Qd7 28. Qa6 Rc8 29. Qe2 Qe7 30. Qg4 Qe6
31. Qd1 c5 32. Bb2 Bc3 33. Ba3 Rh8 34. Qa4+ Kf8 35. Qc2 Bd2 36. Rb1 Qh3 37. Rfd1 Qxh2+ 38. Kf1 Qxf2#
0-1

[Event "Have A Go"]
[Site "SchemingMind.com"]
[Date "2016.09.10"]
[Round "-"]
[White "Quaff"]
[Black "APB"]
[Result "1-0"]
[WhiteCountry "ENG"]
[BlackCountry "ENG"]
[WhiteElo "1600"]
[WhiteRD "65"]
[BlackElo "1603"]
[BlackRD "74"]
[GameID "403527"]

1. e4 d5 2. exd5 Nf6 3. c4 e6 4. dxe6 Bxe6 5. d3 Nc6 6. Bg5 Be7 7. Be2 h6 8. Bh4 Nd4 9. Nc3 Nxe2 10. Ngxe2 Bf5
11. Nc1 Nd7 12. Bg3 Nc5 13. d4 Ne4 14. Nxe4 Bxe4 15. O-O Bd6 16. Bxd6 Qxd6 17. Re1
1-0

[Event "Have A Go"]
[Site "SchemingMind.com"]
[Date "2016.09.10"]
[Round "-"]
[White "APB"]
[Black "Quaff"]
[Result "0-1"]
[WhiteCountry "ENG"]
[BlackCountry "ENG"]
[WhiteElo "1603"]
[WhiteRD "74"]
[BlackElo "1600"]
[BlackRD "65"]
[GameID "403528"]

1. e4 d5 2. exd5 Qxd5 3. Nc3 Qe5+ 4. Qe2 Qxe2+ 5. Bxe2 Bf5 6. Nd5 Kd7 7. Ne3 Bg6 8. b3 e6 9. Bb2 f6 10. O-O-O Bd6
11. d4 Nc6 12. d5 exd5 13. Nxd5 Nge7 14. Nf4 Rad8 15. Nf3 Bf7 16. Rd2 Kc8 17. Rhd1 Bxf4
0-1

[Event "Have A Go"]
[Site "SchemingMind.com"]
[Date "2016.09.10"]
[Round "-"]
[White "Brian Acebo"]
[Black "bmariusz"]
[Result "1-0"]
[WhiteCountry "USA"]
[BlackCountry "POL"]
[WhiteElo "1644"]
[WhiteRD "121"]
[BlackElo "1401"]
[BlackRD "82"]
[GameID "403534"]

1. e4 d5 2. exd5 e5 3. Nc3 Nf6 4. Bc4 Bc5 5. Nf3 Ng4 6. d4 e4 7. Nxe4 f5 8. Nxc5 Qe7+ 9. Be2 O-O 10. O-O b6
11. Nd3 Bb7 12. Nf4 Bxd5 13. Nxd5 Qd7 14. Nc3 c5 15. dxc5 Qc7 16. Qd5+ Kh8 17. cxb6 axb6 18. Qxa8 Nd7 19. Qd5 Re8 20. h3 Nge5
21. Nxe5 Nxe5 22. Re1 Qe7 23. Bd2 Rd8 24. Bg5 Qxg5 25. Qxe5 Rf8 26. Bd3 b5 27. Nxb5 h6 28. Nd4 Rf7 29. Qe8+ Kh7 30. Qxf7 Qg6
31. Bxf5
1-0

[Event "Have A Go"]
[Site "SchemingMind.com"]
[Date "2016.09.10"]
[Round "-"]
[White "bmariusz"]
[Black "Brian Acebo"]
[Result "0-1"]
[WhiteCountry "POL"]
[BlackCountry "USA"]
[WhiteElo "1401"]
[WhiteRD "82"]
[BlackElo "1644"]
[BlackRD "121"]
[GameID "403535"]

1. e4 d5 2. Nc3 dxe4 3. Nxe4 a6 4. Qf3 e6 5. d3 Be7 6. Bf4 Nf6 7. g4 h6 8. a3 Nxe4 9. Qxe4 O-O 10. d4 Nc6
11. Bd3 g6 12. Bxh6 Re8 13. Qf3 Bg5 14. Qh3 Qf6 15. d5 exd5+ 16. Kf1 Bxh6 17. Qxh6 Bxg4 18. h3 Bh5 19. f4 Qg7 20. Qg5 Re7
21. f5 Re5 22. Re1 Rae8 23. f6 Rxe1+ 24. Kg2 Qh7 25. Qh4 Qh6 26. Nf3 Bxf3+ 27. Kg3 Qxh4+ 28. Kxh4 Rxh1 29. Kg3 Bh5 30. Kg2 Rhe1
31. b4 Ne5 32. Bf1 Re6 33. c4 dxc4 34. b5 axb5 35. a4 Rxf6 36. Kg3 Rexf1
0-1

[Event "Have A Go"]
[Site "SchemingMind.com"]
[Date "2016.10.02"]
[Round "-"]
[White "Timaeus"]
[Black "berns"]
[Result "0-1"]
[WhiteCountry "JPN"]
[BlackCountry "ENG"]
[WhiteElo "1387"]
[WhiteRD "88"]
[BlackElo "1663"]
[BlackRD "80"]
[GameID "404247"]

1. e4 d5 2. exd5 Qxd5 3. b3 Qe5+ 4. Ne2 Nf6 5. g3 Bg4 6. d4 Qd5 7. Rg1 e6 8. Nbc3 Qd7 9. Bg2 c6 10. Bf4 Bb4
11. f3 Bf5 12. Qd2 Nd5 13. O-O-O h6 14. Bxh6 Rxh6 15. f4 Na6 16. Bxd5 cxd5 17. g4 Bh7 18. Rh1 f6 19. Qe3 O-O-O 20. g5 fxg5
21. fxg5 Rh5 22. h4 Bf5 23. Qf3 Rhh8 24. h5 Rdf8 25. Nf4 Qc6 26. Ncxd5 Qxc2#
0-1

[Event "Have A Go"]
[Site "SchemingMind.com"]
[Date "2016.10.02"]
[Round "-"]
[White "berns"]
[Black "Timaeus"]
[Result "1-0"]
[WhiteCountry "ENG"]
[BlackCountry "JPN"]
[WhiteElo "1663"]
[WhiteRD "80"]
[BlackElo "1387"]
[BlackRD "88"]
[GameID "404248"]

1. e4 d5 2. exd5 c6 3. dxc6 Nxc6 4. h3 g6 5. Bb5 Bd7 6. Nf3 Bg7 7. O-O Nf6 8. d3 O-O 9. Be3 e5 10. Nc3 Re8
11. a3 a6 12. Bxc6 Bxc6 13. b4 Bxf3 14. Qxf3 b5 15. a4 Qd7 16. axb5 e4 17. dxe4 Nxe4 18. Rad1 Qb7 19. bxa6 Qxb4 20. Nxe4 Rxe4
21. Rb1 Bb2 22. Rfd1 Rxa6 23. Rxb2 Qxb2 24. Qxe4 Re6 25. Rd8+
1-0

[Event "Have A Go"]
[Site "SchemingMind.com"]
[Date "2016.10.17"]
[Round "-"]
[White "Quaff"]
[Black "Clive Everill"]
[Result "1-0"]
[WhiteCountry "ENG"]
[BlackCountry "CZE"]
[WhiteElo "1588"]
[WhiteRD "68"]
[BlackElo "1662"]
[BlackRD "55"]
[GameID "405193"]

1. e4 d5 2. exd5 Qxd5 3. Nc3 Qd6 4. h3 Nf6 5. Be2 g6 6. Nf3 Bg7 7. d3 O-O 8. O-O Nc6 9. Nh2 e5 10. f4 exf4
11. Bxf4 Qd4+ 12. Kh1 Re8 13. Bxc7 Re6 14. Bf3 Bd7 15. Bg3 Rae8 16. Bxc6 Bxc6 17. Qd2 Nd5 18. Nxd5 Bxd5 19. c3 Qb6 20. Rf2 Re3
21. Nf3 Bxf3 22. gxf3 Bh6 23. Qc2 Qc6 24. Kg2 Rd8 25. Rd1 Qd5 26. a3 f5 27. d4 f4 28. Bh2 Qg5+ 29. Kh1 Qh5 30. Rdf1 Qxh3
31. Qb3+ Kh8 32. Qxb7 Rde8 33. Qxa7 Re1 34. Qa6 Bg5 35. Qd3 Bh4 36. Rg2 R8e3 37. Qb5 Rxf3 38. Rxe1 Bxe1 39. Qe8+ Kg7 40. Qxe1 Re3
41. Qf2 Rf3 42. Qg1 Rd3 43. a4 Qf3 44. Qf2 Rd1+ 45. Bg1 Qe4 46. a5 Ra1 47. b4 Qf5 48. Qf3 Rb1 49. a6 Ra1 50. Qb7+ Kf6
51. Qc6+ Kg7 52. Qc7+ Kf6 53. Qe5+ Qxe5 54. dxe5+ Kxe5 55. a7 Ke4 56. b5 Kd5 57. b6 Kc6 58. Rh2 h5 59. Rg2 f3 60. Rxg6+ Kd5
61. Rf6
1-0

[Event "Have A Go"]
[Site "SchemingMind.com"]
[Date "2016.10.19"]
[Round "-"]
[White "Clive Everill"]
[Black "Quaff"]
[Result "1-0"]
[WhiteCountry "CZE"]
[BlackCountry "ENG"]
[WhiteElo "1662"]
[WhiteRD "55"]
[BlackElo "1588"]
[BlackRD "68"]
[GameID "405194"]

1. e4 d5 2. exd5 Qxd5 3. Nc3 Qd8 4. d4 h6 5. Bc4 e6 6. Qf3 Nf6 7. Nge2 Bb4 8. Be3 a6 9. a3 Bd6 10. O-O Nc6
11. Rfd1 Ne7 12. Ne4 Nxe4 13. Qxe4 c6 14. Qg4 g6 15. Nc3 f5 16. Qe2 Qc7 17. g3 Bd7 18. Bd2 Kf7 19. Re1 Qc8 20. a4 Ng8
21. f4 Nf6 22. a5 h5 23. Na4 Bc7 24. Nc5 Re8 25. Bc3 b6 26. axb6 Bxb6 27. Bxa6 Qc7 28. Bc4 Bxc5 29. dxc5 Rxa1 30. Rxa1 Ne4
31. Be5 Qc8 32. b4 Qb7 33. c3 Ra8 34. Rd1 Ra3 35. Qd3 Ra7 36. Qd4 Bc8 37. Qd8 Bd7 38. Qh8 Bc8 39. Rd8 Ra1+ 40. Kg2 Qe7
41. Qg7#
1-0

[Event "Have A Go"]
[Site "SchemingMind.com"]
[Date "2016.11.25"]
[Round "-"]
[White "ray winteringham"]
[Black "Brian Acebo"]
[Result "1-0"]
[WhiteCountry "ENG"]
[BlackCountry "USA"]
[WhiteElo "1495"]
[WhiteRD "52"]
[BlackElo "1540"]
[BlackRD "112"]
[GameID "406862"]

1. e4 d5 2. exd5 Qxd5 3. Nc3 Qd8 4. Bc4 Nf6 5. Nf3 e6 6. O-O Be7 7. b3 O-O 8. Bb2 b6 9. h3 Bb7 10. Be2 c5
11. a4 Nbd7 12. Bd3 a5 13. Nb5 Bc6 14. Rb1 Nd5 15. c4 Nb4 16. Bc2 Nxc2 17. Qxc2 Bxf3 18. Qc3 Bf6 19. Qxf3 Bxb2 20. Rxb2 Rb8
21. Re1 Nf6 22. Rd1 Qe7 23. d4 Rfd8 24. Rbd2 cxd4 25. Nxd4 Rd6 26. Nf5 exf5 27. Rxd6 h6 28. Qg3 Ne4 29. Qe3 Qxd6 30. Rxd6 Nxd6
31. Qe5 Rd8 32. Qe7
1-0

[Event "Have A Go"]
[Site "SchemingMind.com"]
[Date "2016.11.25"]
[Round "-"]
[White "Brian Acebo"]
[Black "ray winteringham"]
[Result "0-1"]
[WhiteCountry "USA"]
[BlackCountry "ENG"]
[WhiteElo "1540"]
[WhiteRD "112"]
[BlackElo "1495"]
[BlackRD "52"]
[GameID "406863"]

1. e4 d5 2. exd5 c6 3. dxc6 Nxc6 4. Nf3 g6 5. c3 Bg7 6. Bb5 Bd7 7. O-O Nf6 8. h3 Qb6 9. Bc4 O-O 10. d4 e6
11. b4 Qc7 12. Bg5 a6 13. Qd2 Ne4 14. Qe2 Nxg5 15. Nxg5 b5 16. Bd3 Ne7 17. a3 Nd5 18. Rc1 Rae8 19. Nd2 Rc8 20. Rc2 Qb6
21. Nge4 f5 22. Nc5 Bc6 23. a4 Nf4 24. Qe3 Nxg2 25. Qxe6+ Kh8 26. Nd7 Qc7 27. Nxf8 Bxf8 28. d5 Bd7 29. Qf6+ Bg7 30. Qg5 Nf4
31. Qg3 g5 32. Rac1 Be8 33. Bxf5 Ne2+
0-1

[Event "Have A Go"]
[Site "SchemingMind.com"]
[Date "2017.01.10"]
[Round "-"]
[White "Erik Johnson"]
[Black "emvarela"]
[Result "1-0"]
[WhiteCountry "USA"]
[BlackCountry "ARG"]
[WhiteElo "1700"]
[WhiteRD "71"]
[BlackElo "1720"]
[BlackRD "56"]
[GameID "409082"]

1. e4 d5 2. exd5 Qxd5 3. Nc3 Qd8 4. Nf3 Bg4 5. Be2 Bxf3 6. Bxf3 c6 7. O-O e6 8. Re1 Nf6 9. d3 Bb4 10. Bd2 Nbd7
11. a3 Bxc3 12. Bxc3 O-O 13. a4 Nb6 14. a5 Nbd5 15. Bd2 Qc7 16. c4 Ne7 17. Bg5 Ne8 18. Be4 f5 19. Bf3 h6 20. Bd2 Qd7
21. Qe2 Nc7 22. Bf4 Rae8 23. Bxc7 Qxc7 24. Qxe6+ Kh7 25. Qe5 Qxe5 26. Rxe5 Ng6 27. Rxe8 Rxe8 28. Kf1 Nf4 29. Rd1 g5 30. g3 Ne6
31. Re1 Nc7 32. Rxe8 Nxe8 33. a6 b6 34. Bxc6 Nd6 35. b4 Kg6 36. c5 bxc5 37. bxc5 Nc8 38. Bd7 Ne7 39. c6 Nd5 40. Ke2 Nc7
41. Bc8 Kf6 42. Ke3 Ke5 43. f4+ gxf4+ 44. gxf4+ Kd5 45. Bb7 Kd6 46. Kd4 Ne6+ 47. Ke3 Kc5 48. d4+ Kd6 49. Bc8 Nc7 50. Bxf5 Nxa6
51. Bd7 Nb4 52. f5 Nd5+ 53. Ke4 Nf6+ 54. Kf4 a5 55. Ke3 a4 56. Kd3 Nd5 57. Kc4
1-0

[Event "Have A Go"]
[Site "SchemingMind.com"]
[Date "2017.01.11"]
[Round "-"]
[White "emvarela"]
[Black "Erik Johnson"]
[Result "1/2-1/2"]
[WhiteCountry "ARG"]
[BlackCountry "USA"]
[WhiteElo "1720"]
[WhiteRD "56"]
[BlackElo "1700"]
[BlackRD "71"]
[GameID "409083"]

1. e4 d5 2. d4 dxe4 3. Bc4 Nf6 4. Nc3 Bg4 5. Nge2 Nc6 6. h3 Bh5 7. Bg5 Bxe2 8. Nxe2 h6 9. Bxf6 exf6 10. c3 Bd6
11. Bb5 O-O 12. Bxc6 bxc6 13. O-O f5 14. f4 Qh4 15. Qe1 Qxe1 16. Rfxe1 Rab8 17. b4 a6 18. g3 f6 19. Kf2 g5 20. Ke3 Rb5
21. a4 Rb7 22. g4 fxg4 23. hxg4 Re8 24. fxg5 fxg5 25. Rf1 Rbb8 26. Rf6 Kg7 27. Raf1 Rf8 28. Rxf8 Rxf8 29. Rxf8 Bxf8 30. Kxe4 Kg6
31. Ng3 Bd6 32. Nf5 h5 33. gxh5+ Kxh5 34. Nxd6 cxd6 35. Kf3 g4+ 36. Kg3 Kg5 37. c4 Kf5 38. b5 cxb5 39. cxb5 axb5 40. axb5 Ke6
41. b6 Kd7 42. Kxg4 Kc6 43. Kf5 Kxb6 44. Kf6 Kb5 45. Ke6 Kc4 46. Kxd6 Kxd4
1/2-1/2

[Event "Have A Go"]
[Site "SchemingMind.com"]
[Date "2017.01.27"]
[Round "-"]
[White "ray winteringham"]
[Black "berns"]
[Result "0-1"]
[WhiteCountry "ENG"]
[BlackCountry "ENG"]
[WhiteElo "1486"]
[WhiteRD "52"]
[BlackElo "1681"]
[BlackRD "75"]
[GameID "409894"]

1. e4 d5 2. exd5 Qxd5 3. Nc3 Qa5 4. Nf3 Bg4 5. Be2 Nf6 6. h3 Bxf3 7. Bxf3 c6 8. O-O e6 9. d3 Bb4 10. Bd2 Nbd7
11. a3 Bxc3 12. Bxc3 Qc7 13. Bd2 h6 14. Qc1 g5 15. b4 O-O-O 16. c4 Ne5 17. Be2 Nxd3 18. Qc3 Nf4 19. Bf3 Ne4 20. Bxf4 Nxc3
21. Bxc7 Kxc7 22. Rac1 Na4 23. b5 Rd3 24. Ra1 Rhd8 25. Rfe1 Rc3 26. Rec1 Rxc1+ 27. Rxc1 Rd3 28. Ra1 Rc3 29. Be2 e5 30. Kh2 f5
31. f3 h5 32. bxc6 Kxc6 33. Kg1 Kc5 34. Kf2 f4 35. Ra2 Re3 36. Rd2 b6 37. Rd5+ Kc6 38. Bd3 Kc7 39. g3 Nc3 40. Be4 Nxd5
41. Bxd5 Rxa3 42. g4 h4 43. Ke2 a5
0-1

[Event "Have A Go"]
[Site "SchemingMind.com"]
[Date "2017.01.27"]
[Round "-"]
[White "berns"]
[Black "ray winteringham"]
[Result "1-0"]
[WhiteCountry "ENG"]
[BlackCountry "ENG"]
[WhiteElo "1681"]
[WhiteRD "75"]
[BlackElo "1486"]
[BlackRD "52"]
[GameID "409895"]

1. e4 d5 2. exd5 e6 3. dxe6 Bxe6 4. Nf3 Bd6 5. b3 Nf6 6. Bb2 O-O 7. Nc3 h6 8. Bd3 c5 9. O-O Nc6 10. Re1 b6
11. Ne4 Nxe4 12. Bxe4 Rc8 13. Bxc6 Rxc6 14. c4 Qb8 15. Be5 Bg4 16. Bxd6 Qxd6 17. Re3 Rd8 18. d3 Qf6 19. h3 Bh5 20. a3 Rcd6
21. Ra2 Qf5 22. Rd2 Bg6 23. g4 Qd7 24. Ne5 Qc8 25. Qf3 Rf6 26. Qg3 Qa6 27. Nxg6 Rxg6 28. Qc7 Rgd6 29. Rde2 R6d7 30. Re8+
1-0

[Event "Have A Go"]
[Site "SchemingMind.com"]
[Date "2017.03.26"]
[Round "-"]
[White "Quaff"]
[Black "Erik Johnson"]
[Result "1-0"]
[WhiteCountry "ENG"]
[BlackCountry "USA"]
[WhiteElo "1597"]
[WhiteRD "65"]
[BlackElo "1669"]
[BlackRD "73"]
[GameID "412184"]

1. e4 d5 2. exd5 Qxd5 3. Nc3 Qa5 4. d3 c6 5. Bd2 Qd8 6. Be2 e5 7. h3 Nf6 8. Nf3 Bd6 9. Bg5 Be6 10. Ne4 Be7
11. Nxe5 Nxe4 12. Bxe7 Qxe7 13. dxe4 O-O 14. Nd3 Rd8 15. O-O Nd7 16. f4 Nf6 17. f5 Bc8 18. e5 Ne4 19. Bg4 f6 20. e6 a5
21. Qe1 Nc5 22. Rd1 a4 23. Qb4 b6 24. Nxc5 Qxc5+ 25. Qxc5
1-0

[Event "Have A Go"]
[Site "SchemingMind.com"]
[Date "2017.03.27"]
[Round "-"]
[White "Erik Johnson"]
[Black "Quaff"]
[Result "1-0"]
[WhiteCountry "USA"]
[BlackCountry "ENG"]
[WhiteElo "1666"]
[WhiteRD "74"]
[BlackElo "1651"]
[BlackRD "63"]
[GameID "412185"]

1. e4 d5 2. exd5 Qxd5 3. Nc3 Qe5+ 4. Qe2 Qxe2+ 5. Bxe2 c6 6. Nf3 Bg4 7. O-O Nd7 8. d4 e6 9. Re1 Bb4 10. Bd2 h6
11. a3 Bd6 12. Ne4 Ke7 13. Nxd6 Kxd6 14. Bf4+ Ke7 15. Rad1 Bxf3 16. Bxf3 Ngf6 17. c4 g5 18. Bd2 Rad8 19. d5 cxd5 20. cxd5 e5
21. Bb4+ Ke8 22. d6 Rb8 23. Rc1 Kd8 24. Rc7 e4 25. Bxe4 Nxe4 26. Rxe4 Re8 27. Rxe8+ Kxe8 28. f3 f5 29. Kf2 f4 30. Bc3 a6
31. Bg7 h5 32. Bh6
1-0

[Event "Have A Go"]
[Site "SchemingMind.com"]
[Date "2017.05.06"]
[Round "-"]
[White "Quaff"]
[Black "berns"]
[Result "1-0"]
[WhiteCountry "ENG"]
[BlackCountry "ENG"]
[WhiteElo "1564"]
[WhiteRD "61"]
[BlackElo "1571"]
[BlackRD "81"]
[GameID "413691"]

1. e4 d5 2. exd5 Qxd5 3. Nc3 Qa5 4. d3 Nf6 5. Bd2 e6 6. a3 Nc6 7. Ne4 Qe5 8. Bc3 Qh5 9. Bxf6 Qxd1+ 10. Rxd1 gxf6
11. Nxf6+ Ke7 12. Ne4 f5 13. Nd2 b6 14. Be2 Ne5 15. f4 Ng6 16. g3 e5 17. fxe5 Nxe5 18. Ngf3 Nxf3+ 19. Bxf3 Rb8 20. O-O Bg7
21. c3 Ba6 22. Nb3 Rbd8 23. Rfe1+ Kf6 24. d4 Rd6 25. Kf2 Bc4 26. Nd2 Bb5 27. Ra1 Bh6 28. Nf1 Rg8 29. Ne3 Kg6 30. Nd5 Bf8
31. Nxc7 Bd7 32. Ne8 Bxe8 33. Rxe8 Kh6 34. Rae1 Rf6 35. R8e6 Bg7 36. Rxf6+ Bxf6 37. Re6 Kg7 38. Rc6 Kg6 39. Rc7 a5 40. Rb7 Bd8
41. Bc6 Rf8 42. Kf3 Rf6 43. d5 h5 44. Be8+ Kg5 45. h4+ Kh6 46. Rd7
1-0